| 000 | 01165nac a22003131i 4500 | ||
|---|---|---|---|
| 003 | EG-ScBUE | ||
| 005 | 20240418103413.0 | ||
| 008 | 240418s1989 ua ab f b 001 0 eng d | ||
| 020 | _a9774242068 | ||
| 035 | _a(OCoLC)21522733 | ||
| 040 |
_aEG-ScBUE _beng _erda _cEG-ScBUE _dEG-ScBUE |
||
| 043 | _af-ua--- | ||
| 082 | 0 | 4 |
_a953.1 _bJOB _222 |
| 100 | 1 |
_aJobbins, Jenny, _eauthor. |
|
| 245 | 1 | 4 |
_aThe Red Sea coasts of Egypt : _bSinai and the mainland / _cJenny Jobbins ; color photographs by Thomas Hartwell. |
| 264 | 1 |
_aCario : _bThe American University in Cario Press, _c1989. |
|
| 300 |
_aix, 115 pages, [8] pages of plates : _billustrations (some color), maps ; _c21 cm |
||
| 336 |
_2rdacontent _atext _btxt |
||
| 337 |
_aunmediated _2rdamedia _bn |
||
| 338 |
_avolume _bnc _2rdacarrier |
||
| 504 | _aIncludes bibliographical references and index. | ||
| 650 | 7 |
_aRed Sea Coast (Egypt) _xGuidebooks. _2BUEsh |
|
| 651 | 7 |
_aSinai (Egypt) _xGuidebooks. _2BUEsh |
|
| 651 | 7 |
_aEgypt _xGuidebooks. _2BUEsh |
|
| 651 | 7 |
_aRed Sea Coast (Egypt) _xGuidebooks. _2BUEsh |
|
| 655 | _vReading book | ||
| 700 | 1 |
_aHartwell, Thomas, _ephotographer. |
|
| 942 |
_cBB _2ddc |
||
| 999 |
_c9422 _d9422 |
||